[Event "13th World University Championship - MEN"]
[Site "Katowice"]
[Date "2014.08.23"]
[Round "8"]
[White "Batchuluun, Tsegmed"]
[Black "Swiercz, Dariusz"]
[Result "1/2-1/2"]
[LiveChessVersion "1.4.4"]
[BlackElo "2611"]
[WhiteElo "2513"]

1. d4  Nf6  2. c4  d6
 3. Nc3  e5  4. Nf3
 exd4  5. Nxd4  g6
 6. g3  Bg7  7. Bg2
 O-O  8. O-O  Re8
 9. b3  Na6  10. Bb2
 Nc5  11. b4  Nce4
 12. Nxe4  Nxe4  13. Qc2
 Qe7  14. a3  h5 
15. Nb5  Bxb2  16. Qxb2  c6
 17. Nc3  Qf6  18. Nd1
 Qxb2  19. Nxb2  Nc3
 20. e3  Bf5  21. Bf3
 a5  22. Kg2  Kg7
 23. h4  Kf6  24. b5
 cxb5  25. cxb5  d5
 26. Rfc1  Rac8  27. a4
 b6  28. Nd1  Ne4
 29. Nb2  Nc3  30. Nd1
 Ne4  31. Nb2  Red8
 32. Nd3  Nd2  33. Nf4
 Nxf3  34. Kxf3  Ke5
 35. Ke2  d4  36. Nd3+
 Kf6  37. exd4  Rxc1
 38. Rxc1  Rxd4  39. Rc6+
 Kg7  40. Nf4  Rxa4
 41. Rxb6  Rb4  42. Rb8
 a4  43. b6  Be4 
44. Nd3  Rb5  45. Ke3  Bc6
 46. Kd4  a3  47. Nc1
 Bd5  48. b7  Bxb7
 49. Na2  Rb2  50. Nc3
 Kf6  51. Ke3  Ke7
 52. f4  Kd7  53. Kd4
 Kc7  54. Rf8  f5
 55. Rf7+  Kb6  56. Rf6+
 Ka5  57. Rxg6  a2
 58. Nxa2  Rxa2  59. Rg5
 Be4  60. Rxh5  Kb4
 61. Rg5  Ra5  62. h5
 Rd5+  63. Ke3  Rd3+
 64. Ke2  Kc3  65. h6
 Rd2+  66. Ke3  Rd3+
 67. Ke2  Rd2+  68. Ke3
 Rh2  69. g4  Rh3+
 70. Kf2  Rxh6  71. gxf5
 Kd4  72. f6  Rxf6
 73. Kg3  Ke3  74. Ra5
 Rf8  75. Rb5  Rg8+
 76. Rg5  Ra8  77. Rb5
 Ra1  78. Rb3+  Bd3
 79. Rb2  Rf1  80. Ra2
 Rxf4  81. Ra3  Rf6
 82. Kg4  Rg6+  83. Kh5
 Rg1  84. Kh6  Ke4
 85. Ra7  Kf4  86. Ra4+
 Be4  87. Ra6  Ke5
 88. Ra5+  Bd5  89. Kh5
 Ke6  90. Kh4  Rg8
 91. Kh3  Ke5  92. Kh4
 Ke4  93. Kh5  Bf7+
 94. Kh6  Rg6+  95. Kh7
 Rg2  96. Kh6  Kf4
 97. Kh7  Be6  98. Kh6
 Bf5  99. Ra6  Bd3
 100. Ra4+  Kf5  101. Ra5+
 Kf6  102. Kh5  Bf5
 103. Ra6+  Be6  104. Ra4
 Rg3  105. Rb4  Ra3
 106. Rf4+  Bf5  107. Rb4
 Rf3  108. Ra4  Bd7
 109. Ra6+  Be6  110. Ra4
 Rc3  111. Rb4  Rh3+
 112. Rh4  Rg3  113. Ra4
 Rg8  114. Kh4  Ke5
 115. Ra5+  Bd5  116. Kh5
 Ke4  117. Kh6  Rg1
 118. Rb5  Be6  119. Rg5
 Re1  120. Kg6  Kf4
 121. Kf6  Bg4  122. Ra5
 Re6+  123. Kf7  Bf5
 124. Ra1  Re2  125. Ra3
 Kg5  126. Rg3+  Bg4
 127. Ra3  Bh5+  128. Kf8
 Kh6  129. Ra6+  Bg6
 130. Ra8  Re6  1/2-1/2

[Event "13th World University Championship - MEN"]
[Site "Katowice"]
[Date "2014.08.23"]
[Round "8"]
[White "Krejci, Jan"]
[Black "Olszewski, Michal"]
[Result "1/2-1/2"]
[LiveChessVersion "1.4.4"]
[BlackElo "2555"]
[WhiteElo "2531"]

1. d4  Nf6  2. c4  g6
 3. Nf3  Bg7  4. g3
 O-O  5. Bg2  d5 
6. cxd5  Nxd5  7. O-O  Nb6
 8. Nc3  Nc6  9. e3
 Re8  10. a3  a5 
11. Qe2  e5  12. dxe5  Nxe5
 13. Nxe5  Bxe5  14. Rd1
 Qe7  15. e4  Be6
 16. Nd5  Nxd5  17. exd5
 Bd7  18. Be3  Qf6
 19. Rac1  Rac8  20. b4
 axb4  21. axb4  Ba4
 22. Rf1  Ra8  23. Qc4
 Bd7  24. Rfd1  Ra3
 25. Bd4  Bxd4  26. Rxd4
 Rea8  27. Rf4  Qb2
 28. Bf1  Ra1  29. Rxa1
 Qxa1  30. Kg2  c6
 31. dxc6  1/2-1/2

[Event "13th World University Championship - MEN"]
[Site "Katowice"]
[Date "2014.08.23"]
[Round "8"]
[White "Belous, Vladimir"]
[Black "Nuri, Kambez"]
[Result "1-0"]
[LiveChessVersion "1.4.4"]
[BlackElo "2322"]
[WhiteElo "2584"]

1. d4  d5  2. c4  e6
 3. Nf3  c5  4. cxd5
 exd5  5. Nc3  Nf6
 6. Bg5  Be6  7. e3
 c4  8. Be2  Be7 
9. O-O  O-O  10. Qc2  Nc6
 11. b3  cxb3  12. axb3
 Nb4  13. Qb1  Rc8
 14. Rc1  a6  15. Qb2
 h6  16. Bf4  Nh5
 17. Be5  f6  18. Bg3
 Nxg3  19. hxg3  b5
 20. Nh4  Bd6  21. Ng6
 Rf7  22. Nf4  Bxf4
 23. gxf4  Rfc7  24. Qa3
 Qf8  25. Nd1  Rc6
 26. Rxc6  Rxc6  27. Rb1
 Bf5  28. Rc1  Nc2
 29. Qa5  Qc8  30. Bf3
 Be6  31. Rb1  Qc7
 32. Qd2  Kf8  33. Nb2
 Bf5  34. Bxd5  Rd6
 35. e4  Rxd5  36. exd5
 Nxd4  37. Rd1  1-0

[Event "13th World University Championship - MEN"]
[Site "Katowice"]
[Date "2014.08.23"]
[Round "8"]
[White "Lou, Yiping"]
[Black "Stankovic, Milos"]
[Result "0-1"]
[LiveChessVersion "1.4.4"]
[BlackElo "2416"]
[WhiteElo "2466"]

1. d4  Nf6  2. c4  e6
 3. Nc3  Bb4  4. Qc2
 c5  5. dxc5  Na6
 6. g3  O-O  7. Bg2
 Nxc5  8. Bd2  d5
 9. Nf3  d4  10. Nb5
 d3  11. exd3  Bxd2+
 12. Nxd2  Nxd3+  13. Ke2
 Nb4  14. Qc3  Qe7
 15. a3  Nc6  16. Nd4
 Nxd4+  17. Qxd4  e5
 18. Qc3  Bg4+  19. Kf1
 Rad8  20. Re1  Qc7
 21. h3  Bh5  22. Kg1
 Rd4  23. c5  Rfd8
 24. Nf1  Bg6  25. b4
 h5  26. Ne3  h4 
27. g4  Rd3  28. Qc1  Ne4
 29. Bf1  Rd2  30. Rh2
 Ng5  31. Bg2  Ne6
 32. Bf1  Nd4  33. Nc4
 Nf3+  34. Kh1  Rc2
 35. Qe3  Nxe1  36. Qxe1
 Qc6+  37. Kg1  Qe4
 38. Ne3  Rb2  39. Rg2
 Rb1  40. Qe2  Qf4
 41. g5  Be4  42. Rg4
 Bf3  43. Qc2  Rxf1+
 44. Kxf1  Bxg4  45. hxg4
 Qxg5  46. b5  e4
 47. Kg2  Qe5  48. a4
 g6  49. c6  bxc6
 50. bxc6  Kg7  51. Qc1
 h3+  52. Kg1  Rc8
 53. Qc4  Qe6  54. Qd4+
 Qf6  55. Qd7  Rxc6
 0-1

[Event "13th World University Championship - MEN"]
[Site "Katowice"]
[Date "2014.08.23"]
[Round "8"]
[White "Spalir, Jernej"]
[Black "Petrosyan, Tigran S."]
[Result "1/2-1/2"]
[LiveChessVersion "1.4.4"]
[BlackElo "2421"]
[WhiteElo "2243"]

1. d4  d5  2. c4  e6
 3. Nc3  Be7  4. Nf3
 Nf6  5. Bg5  h6 
6. Bh4  O-O  7. e3  b6
 8. Bd3  Bb7  9. O-O
 Nbd7  10. Qe2  c5
 11. Rfd1  Ne4  12. Bxe7
 Qxe7  13. cxd5  exd5
 14. Ba6  Nxc3  15. bxc3
 Bxa6  16. Qxa6  c4
 17. a4  Nf6  18. Nd2
 Rfb8  19. Qb5  a6
 20. Qb1  Qb7  21. Qb4
 b5  22. Rdb1  Qc6
 23. axb5  Rxb5  24. Qa3
 Rab8  25. Rxb5  Qxb5
 26. Kf1  Qb2  27. Qxb2
 Rxb2  28. Ke1  Rc2
 29. Ra3  Ng4  30. Kd1
 Rb2  31. Ke2  Nxf2
 32. Kxf2  Rxd2+  33. Kf3
 g5  34. h3  Rd3 
35. Rxa6  Rxc3  36. Rxh6  Rc1
 37. Rd6  c3  38. Ke2
 Rg1  39. Kd3  Rxg2
 40. Kxc3  Rg3  41. Kd3
 Rxh3  42. Rxd5  Rg3
 43. Ra5  Kg7  44. d5
 Rg1  45. Ke4  g4
 46. d6  Rd1  47. Rg5+
 Kf6  48. Rxg4  1/2-1/2

[Event "13th World University Championship - MEN"]
[Site "Katowice"]
[Date "2014.08.23"]
[Round "8"]
[White "Wyss, Jonas"]
[Black "Chen, Peng"]
[Result "0-1"]
[LiveChessVersion "1.4.4"]
[BlackElo "2198"]
[WhiteElo "2276"]

1. e4  c5  2. Nf3  d6
 3. d4  cxd4  4. Nxd4
 Nf6  5. Nc3  a6 
6. Be3  e6  7. f3  b5
 8. Qd2  Nbd7  9. g4
 Nb6  10. O-O-O  Bb7
 11. g5  Nfd7  12. Qf2
 Rc8  13. h4  Rxc3
 14. bxc3  Qc7  15. Nb3
 Na4  16. Bd2  d5
 17. Rh3  Ba3+  18. Kb1
 O-O  19. exd5  Bxd5
 20. f4  Ndb6  21. h5
 Rd8  22. g6  Be4
 23. gxf7+  Kxf7  24. Re1
 Bf5  25. Rg3  Nd5
 26. Qg1  g6  27. hxg6+
 hxg6  28. Qh1  Kg8
 29. Qf3  Nb4  30. Bd3
 Nxc3+  31. Ka1  Rxd3
 32. Qa8+  Rd8  33. Rxc3
 Qxc3+  34. Bxc3  Nxc2+
 0-1

[Event "13th World University Championship - MEN"]
[Site "Katowice"]
[Date "2014.08.23"]
[Round "8"]
[White "Piorun, Kacper"]
[Black "Gaehler, Marco"]
[Result "1-0"]
[LiveChessVersion "1.4.4"]
[BlackElo "2315"]
[WhiteElo "2560"]

1. d4  e6  2. e4  d5
 3. Nc3  Bb4  4. exd5
 exd5  5. Bd3  Nc6
 6. a3  Ba5  7. Nge2
 Bg4  8. h3  Bh5 
9. g4  Bg6  10. Bxg6  hxg6
 11. Qd3  Nf6  12. Bg5
 Bxc3+  13. Nxc3  Qe7+
 14. Kf1  O-O-O  15. Re1
 Qd7  16. Kg2  Rhe8
 17. Na4  b6  18. Nc3
 Re6  19. f3  Rde8
 20. Rxe6  Rxe6  21. h4
 Kb7  22. Bf4  a6
 23. Nd1  Re8  24. Ne3
 Qe6  25. Re1  Ng8
 26. b3  Qe7  27. c4
 dxc4  28. bxc4  Qxh4
 29. Bg3  Qd8  30. d5
 Ne5  31. Qd4  Qf6
 32. Qe4  Qd6  33. f4
 Nf6  34. fxe5  Nxe4
 35. exd6  Nxg3  36. Nc2
 Ne2  37. Kf2  cxd6
 38. Rxe2  Rxe2+  39. Kxe2
 b5  40. Kd3  Kb6
 41. Kd4  a5  42. cxb5
 Kxb5  43. Ne3  Ka4
 44. Nc4  1-0

[Event "13th World University Championship - MEN"]
[Site "Katowice"]
[Date "2014.08.23"]
[Round "8"]
[White "Galmandakh, Badrakh"]
[Black "Barbosa, Evandro Amorim"]
[Result "1/2-1/2"]
[LiveChessVersion "1.4.4"]
[BlackElo "2446"]
[WhiteElo "2264"]

1. d3  c5  2. g3  Nc6
 3. Bg2  g6  4. c4
 Bg7  5. Nc3  d6 
6. e3  e5  7. Nge2  Nge7
 8. O-O  O-O  9. Nd5
 Be6  10. Rb1  Rb8
 11. Nec3  a6  12. Nxe7+
 Nxe7  13. b4  cxb4
 14. Rxb4  d5  15. cxd5
 Nxd5  16. Nxd5  Bxd5
 17. Bxd5  Qxd5  18. Qb3
 Rfd8  19. Qxd5  Rxd5
 20. Rb3  b5  21. Bb2
 a5  22. a4  b4 
23. Rc1  f6  24. e4  Rdd8
 25. Rc5  Ra8  26. Rb5
 Rdb8  27. Rd5  Rd8
 28. Rb5  Rdb8  29. Rd5
 Rd8  30. Rb5  Rdb8
 1/2-1/2

[Event "13th World University Championship - MEN"]
[Site "Katowice"]
[Date "2014.08.23"]
[Round "8"]
[White "Grandadam, Nicolas"]
[Black "Tomazini, Zan"]
[Result "1/2-1/2"]
[LiveChessVersion "1.4.4"]
[BlackElo "2371"]
[WhiteElo "2307"]

1. b3  e5  2. Bb2  Nc6
 3. e3  Nf6  4. Bb5
 Bd6  5. Na3  Na5
 6. Nc4  Nxc4  7. Bxc4
 O-O  8. g4  Qe7 
9. g5  Ne4  10. h4  Bb4
 11. c3  Bc5  12. b4
 Bb6  13. Bb3  d5
 14. Bxd5  Bf5  15. d3
 Rad8  16. dxe4  Bxe4
 17. Bxe4  Rxd1+  18. Rxd1
 c6  19. Ne2  f5 
20. gxf6  Qxf6  21. Rh2  Qe6
 22. a3  Qg4  23. f3
 Qe6  24. Bc1  Qh6
 25. Rd3  a5  26. Bd2
 Qe6  27. h5  Qc4
 28. Rg2  Rxf3  29. Rg4
 Kf8  30. Bxf3  Qxd3
 31. Be4  Qd7  32. Rg3
 Bd8  33. Rf3+  Kg8
 34. Bf5  Bh4+  35. Kd1
 Qd5  36. Rh3  Be7
 37. Bc2  Qg2  38. Bb3+
 Kf8  39. Rg3  Qh1+
 40. Rg1  Qxh5  41. Rf1+
 Bf6  42. bxa5  Qh3
 43. Rg1  h5  44. Bc2
 Qe6  45. Ng3  Qg4+
 46. Ne2  Qc4  47. Ng3
 Qg4+  48. Ne2  Qc4
 1/2-1/2

[Event "13th World University Championship - MEN"]
[Site "Katowice"]
[Date "2014.08.23"]
[Round "8"]
[White "Munkhgal, Gombosuren"]
[Black "Carlos Arriaga, Jesus Roberto"]
[Result "1-0"]
[LiveChessVersion "1.4.4"]
[BlackElo "2118"]
[WhiteElo "2418"]

1. d4  Nf6  2. c4  Nc6
 3. Nf3  e6  4. Nc3
 Bb4  5. Qc2  d6 
6. Bd2  O-O  7. a3  Bxc3
 8. Bxc3  Re8  9. e3
 e5  10. d5  Nb8 
11. Be2  Bg4  12. O-O  Bh5
 13. e4  Nbd7  14. b4
 Bg6  15. Bd3  b6
 16. g3  Kh8  17. Nh4
 Bh5  18. f3  Ng8
 19. Qf2  Ne7  20. g4
 Bg6  21. Nf5  f6
 22. h4  Bxf5  23. gxf5
 g6  24. Kh2  Rg8
 25. Rg1  Qf8  26. Bd2
 gxf5  27. exf5  Qf7
 28. Qe3  b5  29. cxb5
 Qh5  30. Qe4  Nxd5
 31. Rxg8+  Rxg8  32. Rg1
 Nf4  33. Rxg8+  Kxg8
 34. Bc4+  Kg7  35. Kg3
 d5  36. Bxd5  Nxd5
 37. Qxd5  Qxf5  38. h5
 Nb6  39. h6+  Kg6
 40. Qc6  Qd7  41. Qc2+
 f5  42. Be3  Qxb5
 43. Qxc7  f4+  44. Kg4
 Kxh6  45. Qd6+  Kg7
 46. Qe7+  Kg6  47. Qe6+
 Kg7  48. Bc5  Nd7
 49. Qe7+  Kg6  50. Qe8+
 Kg7  51. Bf8+  1-0

[Event "13th World University Championship - MEN"]
[Site "Katowice"]
[Date "2014.08.23"]
[Round "8"]
[White "Garcia Guerrero, Isaac Antonio"]
[Black "Gergacz, Attila"]
[Result "1/2-1/2"]
[LiveChessVersion "1.4.4"]
[BlackElo "2374"]
[WhiteElo "2300"]

1. d4  e6  2. Nf3  f5
 3. g3  Nf6  4. Bg2
 d5  5. O-O  Bd6 
6. c4  O-O  7. b3  a5
 8. Ba3  b6  9. Bxd6
 cxd6  10. Nc3  Bb7
 11. Rc1  Qe7  12. Qc2
 Na6  13. Na4  Nd7
 14. Nd2  Rac8  15. Qb2
 Qd8  16. cxd5  Bxd5
 17. Rxc8  Qxc8  18. Bxd5
 exd5  19. Rc1  Qe8
 20. Nf3  b5  21. Nc3
 Nb6  22. e3  b4 
23. Ne2  Qd7  24. Nf4  Nc7
 25. a3  bxa3  26. Qxa3
 Ra8  27. h4  Ne8
 28. Rc2  Qb5  29. Kg2
 Rb8  30. Ng5  Ra8
 1/2-1/2

[Event "13th World University Championship - MEN"]
[Site "Katowice"]
[Date "2014.08.23"]
[Round "8"]
[White "Tanaka, Toshiki"]
[Black "Gloor, Roger"]
[Result "0-1"]
[LiveChessVersion "1.4.4"]
[BlackElo "2364"]
[WhiteElo "1848"]

1. e4  c5  2. Nf3  e6
 3. d4  cxd4  4. Nxd4
 a6  5. Nc3  b5 
6. a3  Bb7  7. Bd3  Qc7
 8. O-O  Nf6  9. Bd2
 Be7  10. Kh1  h5
 11. Qf3  Ng4  12. Qg3
 Qxg3  13. fxg3  Bc5
 14. Nce2  e5  15. Nf3
 f6  16. h3  Nf2+
 17. Kh2  Nxe4  18. Bxe4
 Bxe4  19. Nc3  Bb7
 20. Nh4  O-O  21. b4
 Be7  22. Rad1  d5
 23. Bc1  d4  24. Ne2
 Rd8  25. Nf5  Bf8 26. Bb2
 a5  27. c3  axb4
 28. axb4  Ra2  29. Rd2
 g6  30. Nh4  Bh6
 31. Nc1  Bxd2  32. Nxa2
 Bd5  33. cxd4  Bxa2
 34. dxe5  fxe5  35. Bxe5
 Bf7  36. Rd1  Nc6
 37. Bc7  Rc8  38. Rxd2
 Rxc7  39. Rc2  Kg7
 40. Nf3  Bc4  0-1

[Event "13th World University Championship - MEN"]
[Site "Katowice"]
[Date "2014.08.23"]
[Round "8"]
[White "Chettiar, Evasan"]
[Black "Ayala Pena, Eduardo Azael"]
[Result "1/2-1/2"]
[LiveChessVersion "1.4.4"]
[BlackElo "2190"]
[WhiteElo "1869"]

1. d4  d5  2. Nf3  Nf6
 3. c4  c6  4. cxd5
 cxd5  5. Nc3  Nc6
 6. Bf4  a6  7. e3
 Bg4  8. Be2  e6 
9. Rc1  Bb4  10. O-O  O-O
 11. h3  Bh5  12. Ne5
 Nxe5  13. Bxe5  Bxe2
 14. Qxe2  Nd7  15. Bg3
 Rc8  16. Rc2  Bxc3
 17. Rfc1  Nf6  18. Bh4
 h6  19. Bxf6  Qxf6
 20. Rxc3  Rxc3  21. Rxc3
 Qe7  22. Qc2  Qd6
 23. a3  g6  24. Rc7
 Qb6  25. b4  Qb5
 26. Rc5  Qb6  27. Qc3
 Rd8  28. a4  Qd6
 29. Rc7  Rd7  30. Rc8+
 Kg7  31. a5  Kf6
 32. g3  e5  33. Re8
 e4  34. Rc8  Qe6
 35. Qc5  Qxh3  36. Re8
 Qg4  37. Re5  Qd1+
 38. Kg2  Qf3+  39. Kg1
 Qd1+  1/2-1/2

[Event "13th World University Championship - MEN"]
[Site "Katowice"]
[Date "2014.08.23"]
[Round "8"]
[White "Oliveira, Fernando Henrique"]
[Black "Sikivou, Taione"]
[Result "1-0"]
[LiveChessVersion "1.4.4"]
[BlackElo "1817"]
[WhiteElo "2178"]

1. d4  d5  2. c4  c6
 3. Nf3  Nf6  4. g3
 a6  5. Bg2  dxc4
 6. O-O  b5  7. a4
 Bb7  8. b3  cxb3
 9. Qxb3  e6  10. Rd1
 Qc7  11. Nc3  b4
 12. Bf4  Bd6  13. Bxd6
 Qxd6  14. a5  c5
 15. Na4  c4  16. Qxc4
 Nbd7  17. Nc5  Bd5
 18. Qxb4  Rb8  19. Qa3
 O-O  20. Nxd7  Qxd7
 21. Rab1  Rb5  22. Rxb5
 Qxb5  23. e3  Rc8
 24. Bf1  Qb7  25. Ne5
 Rc2  26. Rc1  Rxc1
 27. Qxc1  Ne8  28. Qa3
 f6  29. Nd3  Bc4
 30. Qc5  Qb5  31. Qxb5
 Bxb5  32. Nb4  Bxf1
 33. Kxf1  Nc7  34. Ke2
 Kf7  35. e4  Ke8
 36. Kd3  Kd7  37. e5
 Nd5  38. Nxd5  exd5
 39. f4  Kc6  40. f5
 1-0

[Event "13th World University Championship - MEN"]
[Site "Katowice"]
[Date "2014.08.23"]
[Round "8"]
[White "Kobayashi, Atsuhiko"]
[Black "Bornheim, Darren"]
[Result "1-0"]
[LiveChessVersion "1.4.4"]
[BlackElo "1792"]
[WhiteElo "2089"]

1. d4  e6  2. c4  Nf6
 3. Nf3  b6  4. g3
 Bb7  5. Bg2  d5 
6. cxd5  Nxd5  7. O-O  Be7
 8. Ne5  O-O  9. e4
 Nf6  10. Nc3  Nbd7
 11. Nd3  c5  12. d5
 exd5  13. exd5  Bd6
 14. b3  Ne5  15. Bb2
 Nxd3  16. Qxd3  Be5
 17. Rfd1  Bd4  18. Qc4
 Qd7  19. Rxd4  cxd4
 20. Qxd4  Rfd8  21. Re1
 Rac8  22. Re5  Re8
 23. Ne4  Rxe5  24. Qxe5
 Ne8  25. Nc3  f6
 26. Qh5  Qf7  27. Qh4
 Rxc3  28. Bxc3  Bxd5
 29. Bf1  Nd6  30. Bd3
 h6  31. Qf4  Qe6
 32. Bb4  Ne8  33. Qb8
 Qe5  34. Qxa7  Qh5
 35. Qd7  Qd1+  36. Bf1
 Qf3  37. Qxd5+  Qxd5
 38. Bc4  Qxc4  39. bxc4
 Kf7  40. f4  f5 
41. Kf2  Nf6  42. Kf3  Ke6
 43. Bc3  Ne4  44. Bxg7
 h5  45. Ke3  Kd6
 46. Kd4  Nf2  47. Bf8+
 Ke6  48. a4  Ng4
 49. h4  Nf2  50. c5
 bxc5+  51. Kxc5  Kd7
 52. Kb6  Kc8  53. Bd6
 Ne4  54. Be5  Nd2
 55. a5  Nc4+  56. Kb5 1-0

[Event "13th World University Championship - MEN"]
[Site "Katowice"]
[Date "2014.08.23"]
[Round "8"]
[White "Mafanya, Kulasande"]
[Black "Katsuta, Yuki"]
[Result "1-0"]
[LiveChessVersion "1.4.4"]
[BlackElo "1917"]
[WhiteElo "1847"]

1. d4  d5  2. Nf3  e6
 3. c4  c6  4. Nc3
 dxc4  5. g3  b5 
6. Bg2  Bb7  7. O-O  Nd7
 8. e4  Ngf6  9. d5
 exd5  10. exd5  Nxd5
 11. Re1+  Be7  12. Nxd5
 cxd5  13. Qe2  O-O
 14. Qxe7  Bc6  15. Qxd8
 Raxd8  16. Bf4  Nc5
 17. Nd4  Be8  18. Re7
 Nd3  19. Bc7  Rd7
 20. Rxd7  Bxd7  21. Rb1
 Rc8  22. Ba5  b4
 23. Bf1  Rc5  24. Bd8
 Ne5  25. Be7  Ra5
 26. Bxb4  Rxa2  27. Ba3
 Ba4  28. f4  Ng4
 29. Ne2  Bc2  30. Re1
 g6  31. Nc3  Rxa3
 32. bxa3  d4  33. Bxc4
 dxc3  34. h3  Nf6
 35. Rc1  Ba4  36. Rxc3
 Ne4  37. Re3  Bc6
 38. Bd3  f5  39. Bxe4
 fxe4  40. Rc3  Bb5
 41. Kf2  a6  42. Rc7
 Bd3  43. Ke3  Kh8
 44. g4  Kg8  45. h4
 Kh8  46. f5  gxf5
 47. gxf5  Kg8  48. f6
 Bb1  49. Ra7  Bd3
 50. Kf4  h6  51. Ke3
 Kh8  52. Rg7  Bc2 53. Rg1 1-0

[Event "13th World University Championship - MEN"]
[Site "Katowice"]
[Date "2014.08.23"]
[Round "8"]
[White "Malgie, Avikaar"]
[Black "Frijde, Joel"]
[Result "1/2-1/2"]
[LiveChessVersion "1.4.4"]
[BlackElo "1696"]
[WhiteElo "1829"]

1. d4  c6  2. c4  d5
 3. cxd5  cxd5  4. Nc3
 Nf6  5. Nf3  Bg4
 6. e3  Nc6  7. Be2
 e6  8. h3  Bh5 
9. O-O  Bd6  10. Bd2  O-O
 11. Rc1  a6  12. Na4
 Ne4  13. Ne1  Bxe2
 14. Qxe2  Qg5  15. Nf3
 Qe7  16. Nc3  Nxd2
 17. Qxd2  Rac8  18. Na4
 f6  19. Nc5  Kh8
 20. Nb3  Rfd8  21. Rfe1
 Qf7  22. Red1  Ne7
 23. Rxc8  Nxc8  24. Rc1
 Nb6  25. Rc2  Nc4
 26. Qc1  Qe7  27. Nbd2
 Nxd2  28. Nxd2  g6
 29. Nb3  Rd7  30. Rc8+
 Kg7  31. Nc5  Bxc5
 32. Qxc5  Qxc5  33. Rxc5
 e5  34. Kf1  e4 
35. Ke2  Kf7  36. Kd2  Ke6
 37. a4  Kd6  38. a5
 Rc7  39. b4  f5 
40. g3 1/2-1/2

[Event "13th World University Championship - MEN"]
[Site "Katowice"]
[Date "2014.08.24"]
[Round "9"]
[White "Andriasian, Zaven"]
[Black "Bukavshin, Ivan"]
[Result "1/2-1/2"]
[LiveChessVersion "1.4.4"]
[BlackElo "2603"]
[WhiteElo "2628"]

1. e4  c5  2. Nf3  e6
 3. d4  cxd4  4. Nxd4
 Nc6  5. Nc3  Qc7
 6. Be3  a6  7. Qd2
 Be7  8. O-O-O  Nf6
 9. f3  b5  10. g4
 Nxd4  11. Bxd4  Bb7
 12. Kb1  O-O  13. Bd3
 b4  14. Ne2  e5 
15. g5  exd4  16. gxf6  Bxf6
 17. f4  d6  18. Ng3
 a5  19. Nh5  Qe7
 20. Rhg1  Kh8  21. Rde1
 g6  22. e5  Bh4 
23. Ng3  dxe5  24. Rxe5  Qd6
 25. Rge1  Bf6  26. Ne4
 Bxe4  27. R5xe4  Qd7
 28. Qe2  Bh4  29. Rf1
 Rae8  30. f5  Rxe4
 31. Qxe4  Bf6  32. fxg6
 fxg6  33. h4  Qe7
 34. Qh1  Bg7  35. Rg1
 Qe5  1/2-1/2

[Event "13th World University Championship - MEN"]
[Site "Katowice"]
[Date "2014.08.24"]
[Round "9"]
[White "Shimanov, Aleksandr"]
[Black "Grigoryan, Karen H."]
[Result "1/2-1/2"]
[LiveChessVersion "1.4.4"]
[BlackElo "2595"]
[WhiteElo "2625"]

1. c4  c5  2. Nf3  Nf6
 3. Nc3  e6  4. d4
 cxd4  5. Nxd4  Nc6
 6. Ndb5  d6  7. Bf4
 e5  8. Bg5  a6 
9. Bxf6  gxf6  10. Na3  f5
 11. Qd2  Be6  12. Rd1
 Bg7  13. e3  O-O
 14. Be2  Qa5  15. Nd5
 Qxd2+  16. Rxd2  e4
 17. O-O  Bxd5  18. cxd5
 Ne5  19. g3  Rac8
 20. b3  Rc3  21. Rb1
 Rd8  22. Nc4  Kf8
 23. a4  Ke7  24. Kg2
 Rc8  25. a5  Nd7
 26. Ra2  Rc5  27. Nb6
 Nxb6  28. axb6  Rxd5
 29. Rxa6  Rc6  30. Ra7
 Rxb6  31. Bc4  Rd2
 32. Ra5  Be5  33. Rd5
 Rxd5  34. Bxd5  Rb5
 35. Rd1  b6  1/2-1/2

[Event "13th World University Championship - MEN"]
[Site "Katowice"]
[Date "2014.08.24"]
[Round "9"]
[White "Tomczak, Jacek"]
[Black "Sjugirov, Sanan"]
[Result "0-1"]
[LiveChessVersion "1.4.4"]
[BlackElo "2658"]
[WhiteElo "2562"]

1. e4  c6  2. d4  d5
 3. exd5  cxd5  4. c4
 Nf6  5. Nc3  Nc6
 6. Bg5  Ne4  7. Be3
 Nxc3  8. bxc3  e6
 9. Nf3  Be7  10. Qc2
 O-O  11. Bd3  h6
 12. O-O  b6  13. Qd2
 Ba6  14. Bxh6  Bxc4
 15. Bxc4  dxc4  16. Rae1
 Bf6  17. Re4  Qd5
 18. Rfe1  Rad8  19. Rg4
 Qf5  20. Ree4  Ne7
 21. Qe1  Rd5  22. Bc1
 Ng6  23. h4  Rfd8
 24. Qe2  e5  25. Qxc4
 Nf4  26. Rgxf4  exf4
 27. Qe2  R5d6  28. Bxf4
 Re6  29. Be5  Rc8
 30. c4  Rxc4  31. Qxc4
 Qxe4  32. Qc8+  Kh7
 33. Qf8  Qb1+  34. Kh2
 Qg6  35. Qb8  Re7
 36. Qf8  Rd7  37. Qc8
 Qf5  38. Qc6  Be7
 39. d5  Bf6  40. Bxf6
 gxf6  41. d6  Qf4+
 42. g3  Qxd6  43. Qe4+
 Kg7  44. Qg4+  Kf8
 45. h5  Qe6  46. Qf4
 Rd5  47. h6  Kg8
 48. Kg2  Kh7  49. g4
 b5  50. Nh4  Qe5
 51. Qc1 Qe4+  52. f3  Qe2+
 53. Kg3  Rd1  54. Qc5
 Qe5+  0-1

[Event "13th World University Championship - MEN"]
[Site "Katowice"]
[Date "2014.08.24"]
[Round "9"]
[White "Swiercz, Dariusz"]
[Black "Yu, Ruiyuan"]
[Result "1-0"]
[LiveChessVersion "1.4.4"]
[BlackElo "2534"]
[WhiteElo "2611"]

1. e4  c6  2. d4  d5
 3. e5  Bf5  4. Nf3
 e6  5. Be2  c5 
6. Be3  cxd4  7. Nxd4  Ne7
 8. O-O  Nbc6  9. Bb5
 Bg6  10. c4  a6 
11. Nxc6  Nxc6  12. Ba4  dxc4
 13. Bxc6+  bxc6  14. Qa4
 Qc7  15. Nd2  c3
 16. bxc3  Be7  17. Nc4
 O-O  18. Bb6  Qb7
 19. Rfd1  f6  20. Qa5
 fxe5  21. Qxe5  Rae8
 22. Qe3  Qc8  23. Bc5
 Qb7  24. Bxe7  Rxe7
 25. Ne5  Qb5  26. Rd2
 Be8  27. Re1  Qa4
 28. c4  Qb4  29. a3
 Qb8  30. h3  Rb7
 31. Nxc6  Qc7  32. Nd8
 1-0

[Event "13th World University Championship - MEN"]
[Site "Katowice"]
[Date "2014.08.24"]
[Round "9"]
[White "Bernasek, Jan"]
[Black "Belous, Vladimir"]
[Result "0-1"]
[LiveChessVersion "1.4.4"]
[BlackElo "2584"]
[WhiteElo "2536"]

1. d4  Nf6  2. c4  g6
 3. Nc3  Bg7  4. e4
 d6  5. h3  O-O 
6. Bg5  c5  7. d5  e6
 8. Bd3  exd5  9. cxd5
 Re8  10. Nf3  c4
 11. Bc2  b5  12. a3
 Nbd7  13. O-O  Nc5
 14. Re1  Qb6  15. e5
 dxe5  16. Nxe5  Bb7
 17. Qf3  a5  18. Nc6
 Nxd5  19. Rxe8+  Rxe8
 20. Nxd5  Qxc6  21. Ne7+
 Rxe7  22. Qxc6  Bxc6
 23. Bxe7  Bxb2  24. Rd1
 Ne6  25. Kf1  f6
 26. Rd6  Kf7  27. Rxc6
 Kxe7  28. a4  Nd4
 29. Rc8  Kd7  30. Rc5
 Nxc2  31. axb5  a4
 32. b6  a3  33. b7
 a2  34. Ra5  Ba3
 35. b8=Q  a1=Q+  36. Ke2
 Qe1+  37. Kf3  Nd4+
 0-1